Introductory applied probability
Αποθηκεύτηκε σε:
| Κύριος συγγραφέας: | |
|---|---|
| Μορφή: | Βιβλίο |
| Γλώσσα: | English |
| Δημοσίευση: |
Chichester,New York :
Ellis Horwood,Wiley,
1983
|
| Σειρά: | Ellis Horwood series in mathematics and its applications
|
| Θέματα: | |
| Ετικέτες: |
Προσθήκη ετικέτας
Δεν υπάρχουν, Καταχωρήστε ετικέτα πρώτοι!
|
MARC
| LEADER | 00000nam a2200000 i 4500 | ||
|---|---|---|---|
| 001 | 1/42639 | ||
| 008 | 960213s1983 eng d | ||
| 020 | |a 0-85312-392-6 | ||
| 035 | |l 10025627 | ||
| 040 | |a GR-MY-UA |b gre |e aacr | ||
| 041 | 0 | |a eng | |
| 082 | 0 | |a 519 | |
| 100 | 1 | |a Beaumont, G. P. |q (Geoffrey P.) | |
| 245 | 1 | 0 | |a Introductory applied probability / |c G.P.Beaumont |
| 260 | |a Chichester,New York : |b Ellis Horwood,Wiley, |c 1983 | ||
| 300 | |a 236p. | ||
| 490 | 1 | |a Ellis Horwood series in mathematics and its applications | |
| 650 | 0 | 0 | |a Probabilities. |
| 830 | 0 | |a Ellis Horwood series in mathematics and its applications | |
| 852 | |a INST |b CHIOS |e 19960213 |h 519 BEA |p 005200002454 |q 005200002454 |t BK |y 0 | ||
| 909 | |a Χ |b 005358 | ||